Southville International School and Colleges
Your cart is empty.
  • Cart
  • Lists
    Public lists Eva Luna New books Lux_list list_1
    Your lists Log in to create your own lists
  • Log in to your account
  • Your cookies
  • Search history
Southville International School and Colleges
  • Advanced search
  • Recent comments
  • Most popular
  • Libraries

Log in to your account

Log in with GOOGLE


If you do not have an external account, but do have a local account, you can still log in:

  1. Home
  2. MARC view: The 80/20 principle :
Normal view MARC view ISBD view

The 80/20 principle : (Record no. 363202)

[ view plain ]
MARC details
000 -LEADER
fixed length control field 00765nam a2200265Ia 4500
008 - FIXED-LENGTH DATA ELEMENTS--GENERAL INFORMATION
fixed length control field 200601s9999 xx 000 0 und d
020 ## - INTERNATIONAL STANDARD BOOK NUMBER
International Standard Book Number 978-0-385-49174-7
050 ## - LIBRARY OF CONGRESS CALL NUMBER
Classification number MAIN HD 69.T54
050 ## - LIBRARY OF CONGRESS CALL NUMBER
Item number .K63 2017
100 ## - MAIN ENTRY--PERSONAL NAME
Personal name Koch, Richard.
245 #4 - TITLE STATEMENT
Title The 80/20 principle :
245 #4 - TITLE STATEMENT
Remainder of title the secret to achieving more with less /
245 #0 - TITLE STATEMENT
Statement of responsibility, etc Richard Koch.
250 ## - EDITION STATEMENT
Edition statement 3rd Edition
260 ## - PUBLICATION, DISTRIBUTION, ETC. (IMPRINT)
Place of publication, distribution, etc New York :
260 ## - PUBLICATION, DISTRIBUTION, ETC. (IMPRINT)
Name of publisher, distributor, etc Currency,
260 ## - PUBLICATION, DISTRIBUTION, ETC. (IMPRINT)
Date of publication, distribution, etc 2017
300 ## - PHYSICAL DESCRIPTION
Extent 319 pages :
300 ## - PHYSICAL DESCRIPTION
Dimensions 20 cm.
500 ## - GENERAL NOTE
General note Includes bibliographical references and index.
650 ## - SUBJECT ADDED ENTRY--TOPICAL TERM
Topical term or geographic name as entry element Industrial efficiency -- Psychological aspects.
650 ## - SUBJECT ADDED ENTRY--TOPICAL TERM
Topical term or geographic name as entry element Time management.
650 ## - SUBJECT ADDED ENTRY--TOPICAL TERM
General subdivision Conduct of life.
650 ## - SUBJECT ADDED ENTRY--TOPICAL TERM
General subdivision Labor productivity -- Psychological aspects.
Holdings
Withdrawn status Lost status Damaged status Home library Current library Shelving location Date acquired Cost, normal purchase price Total Checkouts Full call number Barcode Date last seen Price effective from Koha item type
      South Mansfield College South Mansfield College   01/08/2020 691.20   MAIN HD 69.T54 .K63 2017 SMC06283 06/01/2020 06/01/2020 Books

The 80/20 principle :

APA

Koch R., .The 80/20 principle. New York: .

Chicago

Koch Richard, .The 80/20 principle. New York: .

Harvard

Koch R., .The 80/20 principle. New York: .

MLA

Koch Richard, .New York: . .

  • Place hold
  • Print
  • Cite
  • Add to your cart (remove)
  • Save record
    BIBTEX Dublin Core MARCXML MARC (non-Unicode/MARC-8) MARC (Unicode/UTF-8) MARC (Unicode/UTF-8, Standard) MODS (XML) RIS
  • More searches
    Search for this title in:
    Other Libraries (WorldCat) Other Databases (Google Scholar) Online Stores (Bookfinder.com) Open Library (openlibrary.org)

Exporting to Dublin Core...

SOUTHVILLE LIBRARY

Southville International School and Colleges Library

1281 Tropical Ave. Cor. Luxembourg St., BF Homes International, Las Pinas City

Tel. No. 8256374 / 252358 Loc. 117/146

Powered by Koha